Un dia libre ajetreado / (Record no. 21375)
[ view plain ]
| 000 -LEADER | |
|---|---|
| fixed length control field | 00930cam a2200313Ia 4500 |
| 001 - CONTROL NUMBER | |
| control field | 32264903 |
| 003 - CONTROL NUMBER IDENTIFIER | |
| control field | OCoLC |
| 005 - DATE AND TIME OF LATEST TRANSACTION | |
| control field | 20181015173443.0 |
| 008 - FIXED-LENGTH DATA ELEMENTS--GENERAL INFORMATION | |
| fixed length control field | 950406s1993 sp a j 000 1 spa d |
| 020 ## - INTERNATIONAL STANDARD BOOK NUMBER | |
| International Standard Book Number | 8423323358 (hard) : |
| Terms of availability | $9.00 |
| 020 ## - INTERNATIONAL STANDARD BOOK NUMBER | |
| International Standard Book Number | 9788423323357 (hard) |
| 040 ## - CATALOGING SOURCE | |
| Original cataloging agency | CS1 |
| Transcribing agency | CS1 |
| Modifying agency | CGP |
| 041 1# - LANGUAGE CODE | |
| Language code of text/sound track or separate title | spa |
| Language code of original | eng |
| 092 ## - LOCALLY ASSIGNED DEWEY CALL NUMBER (OCLC) | |
| Classification number | J SPA PICTURE BOOK |
| 100 1# - MAIN ENTRY--PERSONAL NAME | |
| Personal name | Butterworth, Nick. |
| 240 00 - UNIFORM TITLE | |
| Uniform title | <a href="Rescue party.">Rescue party.</a> |
| Language of a work | Spanish. |
| 245 13 - TITLE STATEMENT | |
| Title | Un dia libre ajetreado / |
| Statement of responsibility, etc. | Nick Butterworth ; [traduccion, Paulina Fariza]. |
| 250 ## - EDITION STATEMENT | |
| Edition statement | 1. ed. |
| 260 ## - PUBLICATION, DISTRIBUTION, ETC. (IMPRINT) | |
| Place of publication, distribution, etc. | Barcelona : |
| Name of publisher, distributor, etc. | Destino, |
| Date of publication, distribution, etc. | 1993. |
| 300 ## - PHYSICAL DESCRIPTION | |
| Extent | 1 v. (unpaged) : |
| Other physical details | col. ill. ; |
| Dimensions | 23 cm. |
| 500 ## - GENERAL NOTE | |
| General note | Translation of: The rescue party. |
| 650 #0 - SUBJECT ADDED ENTRY--TOPICAL TERM | |
| Topical term or geographic name as entry element | Animals |
| Form subdivision | Fiction. |
| 650 #0 - SUBJECT ADDED ENTRY--TOPICAL TERM | |
| Topical term or geographic name as entry element | Rabbits |
| Form subdivision | Fiction. |
| 650 #0 - SUBJECT ADDED ENTRY--TOPICAL TERM | |
| Topical term or geographic name as entry element | Rescues |
| Form subdivision | Fiction. |
| 650 #7 - SUBJECT ADDED ENTRY--TOPICAL TERM | |
| Topical term or geographic name as entry element | Animales |
| Form subdivision | Novela. |
| Source of heading or term | bidex. |
| 650 #7 - SUBJECT ADDED ENTRY--TOPICAL TERM | |
| Topical term or geographic name as entry element | Conejos |
| General subdivision | Novela. |
| Source of heading or term | bidex. |
| 650 #7 - SUBJECT ADDED ENTRY--TOPICAL TERM | |
| Topical term or geographic name as entry element | Rescates |
| General subdivision | Novela. |
| Source of heading or term | bidex. |
| 942 ## - ADDED ENTRY ELEMENTS (KOHA) | |
| Koha item type | Libro/Book |
No items available.